| 000 | 00371nam a2200145Ia 4500 | ||
|---|---|---|---|
| 005 | 20240821155849.0 | ||
| 008 | 240821s9999||||xx |||||||||||||| ||und|| | ||
| 082 | _a660.6 MET | ||
| 100 | _aSchmauder, Hans-Peter | ||
| 245 | 0 | _aMethods in Biotechnology | |
| 260 |
_aLondon _bTaylor & Francis _c2003 |
||
| 300 | _aix,257p | ||
| 650 | _aChemical engineering | ||
| 942 | _cBK | ||
| 999 |
_c135830 _d135830 |
||